Slovník české frazeologie a idiomatiky výrazy neslovesné
Saved in:
| Main Author: | |
|---|---|
| Format: | Book |
| Language: | Czech |
| Published: |
Praha
Academia
1988
|
| Edition: | Vyd. 1. |
| Online Access: | View in OPAC |
| Tags: |
No Tags, Be the first to tag this record!
|
MARC
| LEADER | 00000nam a2200000 a 4500 | ||
|---|---|---|---|
| 005 | 20260127134142.0 | ||
| 008 | 000507s1988 cs grd 000 m cze c | ||
| 035 | |a vtls008445793 | ||
| 035 | |a SAVUKc018253 | ||
| 039 | 9 | |a 201204251003 |b mschk03 |y 200602022303 |z VLOAD | |
| 040 | |a SAVUK |b slo |c SNK |d STUSCHK1 |e AACR2 | ||
| 041 | 1 | |a cze | |
| 044 | |a cs |c CS | ||
| 080 | |a 808.50-318(038) | ||
| 245 | 1 | 0 | |a Slovník české frazeologie a idiomatiky |b výrazy neslovesné |c Vlasta Červená ... [et al.] |
| 250 | |a Vyd. 1. | ||
| 260 | |a Praha |b Academia |c 1988 | ||
| 300 | |a 511 s. | ||
| 700 | 1 | |a Červená, Vlasta |4 aut |9 515 | |
| 910 | |a savuk | ||
| 910 | |a SCHK95 | ||
| 999 | |c 5286 |d 5286 | ||